[Event "Sydney Centenary U1600"]
[Site "Sydney"]
[Date "2009.01.07"]
[Round "7"]
[White "Went, Lindsay"]
[Black "Spirov, Tony"]
[Result "1-0"]
[WhiteElo "1278"]
[BlackElo "1311"]
[PlyCount "91"]
[EventDate "2009.01.02"]
[EventType "swiss"]
[EventRounds "11"]
[EventCountry "AUS"]
[SourceTitle "EXT 2023"]
[Source "ChessBase"]
[SourceDate "2022.10.05"]
[SourceVersion "1"]
[SourceVersionDate "2022.10.05"]
[SourceQuality "1"]

1. e4 d5 2. exd5 Qxd5 3. Nc3 Qe6+ 4. Be2 Qg6 5. g3 e5 6. Nf3 e4 7. Nd4 Nf6 8. d3 Bc5 9. dxe4 Nxe4 10. Be3 Nxc3 11. bxc3 Na6 12. Bd3 Qf6 13. 0-0 0-0 14. Rb1 Bh3 15. Qh5 Bf5 16. Qxf5 Qxf5 17. Bxf5 g6 18. Bd3 Rab8 19. Rb3 Bb6 20. Bxa6 bxa6 21. Rfb1 c5 22. Nc6 Ra8 23. Ne7+ Kg7 24. Nd5 Rab8 25. Bxc5 Rfd8 26. Nxb6 axb6 27. Bd4+ Kg8 28. Rxb6 Ra8 29. a4 Rdc8 30. Rb7 Rd8 31. Re7 Rxd4 32. cxd4 Rc8 33. Rb2 Rc4 34. d5 Rd4 35. Rd7 Rxa4 36. Rb8+ Kg7 37. Ra8 Ra1+ 38. Kg2 Rc1 39. Rxa6 Rxc2 40. Raa7 Rd2 41. h4 Kg8 42. d6 h5 43. Rd8+ Kg7 44. d7 Kf6 45. Re8 Kg7 46. d8Q 1-0

[Event "Doeberl Cup Minor 43rd"]
[Site "Canberra"]
[Date "2005.03.27"]
[Round "6"]
[White "Went, Lindsay"]
[Black "Kang, Leo J"]
[Result "1-0"]
[WhiteElo "1469"]
[BlackElo "1066"]
[PlyCount "127"]
[EventDate "2005.03.25"]
[EventType "swiss"]
[EventRounds "7"]
[EventCountry "AUS"]
[SourceTitle "EXT 2009"]
[Source "ChessBase"]
[SourceDate "2008.11.26"]
[SourceVersion "1"]
[SourceVersionDate "2008.11.26"]
[SourceQuality "1"]

1. e4 c5 2. Nf3 Nc6 3. d4 cxd4 4. Nxd4 e5 5. Nf3 Nf6 6. Bd3 Bc5 7. Nc3 h6 8. 0-0 d6 9. h3 0-0 10. a3 Be6 11. Qe2 Qd7 12. Bc4 Bxh3 13. gxh3 Qxh3 14. Nh2 Nd4 15. Qd3 Qh5 16. Kg2 Rac8 17. f3 Qg6+ 18. Kh1 Nh5 19. Rg1 Ng3+ 20. Rxg3 Qxg3 21. Bxh6 Nxf3 22. Qxf3 Qxf3+ 23. Nxf3 gxh6 24. Bd3 f6 25. Nd5 Kf7 26. Rf1 Ke6 27. Nh4 a6 28. a4 Bd4 29. b3 b5 30. axb5 axb5 31. Nf5 h5 32. Ng7+ Kf7 33. Nxh5 Kg6 34. Nhxf6 Rh8+ 35. Kg2 Ra8 36. Bxb5 Ra2 37. Bd3 Ra7 38. Ng4 Kg5 39. Nge3 Rg7 40. Kf3 Rh3+ 41. Ke2 Rh2+ 42. Rf2 Rxf2+ 43. Kxf2 Rh7 44. Kg3 Rh1 45. Kg2 Re1 46. Nc4 Kg4 47. Nxd6 Rg1+ 48. Kh2 Kf3 49. Nf5 Bf2 50. Nh4+ Kg4 51. Ng6 Kh5 52. Nxe5 Bd4 53. Nf3 Rg8 54. Nxd4 Kh6 55. b4 Rb8 56. b5 Kg6 57. b6 Kf7 58. Ba6 Rh8+ 59. Kg3 Ke8 60. b7 Kd7 61. c4 Kd6 62. Bb5 Rb8 63. e5+ Kc5 64. Ne6# 1-0